[Event "HUN-chT2 Asztalos 1011"]
[Site "Hungary"]
[Date "2010.09.26"]
[Round "2.8"]
[White "Fehervari, Istvan"]
[Black "Angyal, Ferenc"]
[Result "0-1"]
[WhiteElo "2015"]
[BlackElo "2156"]
[PlyCount "148"]
[EventDate "2010.09.12"]
[EventType "team-tourn"]
[EventRounds "11"]
[EventCountry "HUN"]
[SourceTitle "EXT 2012"]
[Source "ChessBase"]
[SourceDate "2011.11.24"]
[SourceVersion "1"]
[SourceVersionDate "2011.11.24"]
[SourceQuality "1"]
[WhiteTeam "Fehervar"]
[BlackTeam "Dunajvaros"]
[WhiteTeamCountry "HUN"]
[BlackTeamCountry "HUN"]

1. d4 Nf6 2. c4 g6 3. Nc3 d5 4. cxd5 Nxd5 5. e4 Nxc3 6. bxc3 Bg7 7. Bc4 c5 8. Ne2 Nc6 9. Be3 0-0 10. 0-0 Qc7 11. Rc1 Rd8 12. f4 Na5 13. Bd3 e6 14. Qe1 Qe7 15. Bf2 Nc6 16. e5 Qd7 17. Bb5 a6 18. Bxc6 Qxc6 19. dxc5 Qa4 20. Ra1 Bd7 21. Bd4 Bb5 22. Rf2 Rac8 23. Ng3 Bf8 24. Ne4 Bc6 25. Nd6 Rc7 26. Rb2 Rcd7 27. Qc1 Bh6 28. Qe3 Qa5 29. Qf2 Rf8 30. Qh4 Bg7 31. Rab1 Qa4 32. Qg4 Bd5 33. Qe2 Bh6 34. Qf2 Bg7 35. Qf1 f6 36. Qd1 Qxd1+ 37. Rxd1 fxe5 38. fxe5 Bh6 39. Rdb1 Ra8 40. a3 Rf8 41. Nxb7 Be4 42. c6 Bxc6 43. Nc5 Rxd4 44. cxd4 Be3+ 45. Kh1 Bxd4 46. Rc2 Bd5 47. Nd7 Be4 48. Nxf8 Bxc2 49. Rb8 Bxe5 50. Ra8 Be4 51. Re8 Bd5 52. Nd7+ Kf7 53. Rc8 Bb2 54. a4 e5 55. Nc5 Bd4 56. Rd8 Bc6 57. Nxa6 Bxa4 58. Nb4 Ke7 59. Ra8 Bd7 60. Rh8 h5 61. h4 e4 62. Rh7+ Kd6 63. Rh6 Bf5 64. Nc2 Bc5 65. g3 e3 66. Ne1 Be4+ 67. Kh2 Bb4 68. Ng2 e2 69. Kg1 Bxg2 70. Rxg6+ Ke7 71. Kxg2 e1Q 72. Rg5 Bd6 73. Kf3 Qd1+ 74. Kf2 Bc5+ 0-1

[Event "HUN-chT2 Asztalos 0910"]
[Site "Hungary"]
[Date "2010.05.02"]
[Round "11"]
[White "Angyal, Ferenc"]
[Black "Szaz, Ferenc"]
[Result "1/2-1/2"]
[WhiteElo "2036"]
[BlackElo "2135"]
[PlyCount "92"]
[EventDate "2009.11.08"]
[EventType "team-tourn"]
[EventRounds "11"]
[EventCountry "HUN"]
[SourceTitle "EXT 2011"]
[Source "ChessBase"]
[SourceDate "2010.11.26"]
[SourceVersion "1"]
[SourceVersionDate "2010.11.26"]
[SourceQuality "1"]
[WhiteTeam "Dunaujvaros"]
[BlackTeam "Komlo"]
[WhiteTeamCountry "HUN"]
[BlackTeamCountry "HUN"]

1. Nf3 c5 2. g3 Nc6 3. Bg2 d5 4. d4 c4 5. 0-0 f5 6. Nc3 e6 7. Bf4 a6 8. a4 Be7 9. Ne5 g5 10. Nxc6 bxc6 11. Be5 Bf6 12. e4 h5 13. exf5 Bxe5 14. dxe5 exf5 15. f4 g4 16. Qd4 Qd7 17. e6 Qa7 18. Qxa7 Rxa7 19. Rfe1 Re7 20. Re5 Bxe6 21. Rae1 Rh6 22. a5 Bd7 23. Bxd5 cxd5 24. Nxd5 Rxe5 25. Rxe5+ Kd8 26. Nb6 Ne7 27. Nxc4 Re6 28. b4 Rxe5 29. Nxe5 Nd5 30. b5 axb5 31. c4 bxc4 32. Nxc4 Kc7 33. h3 Bb5 34. Ne5 Kb7 35. hxg4 hxg4 36. Nf7 Ka6 37. Nh6 Bd3 38. Kf2 Kxa5 39. Ke1 Kb4 40. Kd2 Kc4 41. Nf7 Kd4 42. Ne5 Bb5 43. Nf7 Ne3 44. Ke1 Nf1 45. Kf2 Nd2 46. Nd6 Ne4+ 1/2-1/2

[Event "HUN-chT2 Asztalos 0910"]
[Site "Hungary"]
[Date "2010.04.18"]
[Round "10"]
[White "Szotak, Laszlo"]
[Black "Angyal, Ferenc"]
[Result "1-0"]
[WhiteElo "2002"]
[BlackElo "2036"]
[PlyCount "75"]
[EventDate "2009.11.08"]
[EventType "team-tourn"]
[EventRounds "11"]
[EventCountry "HUN"]
[SourceTitle "EXT 2011"]
[Source "ChessBase"]
[SourceDate "2010.11.26"]
[SourceVersion "1"]
[SourceVersionDate "2010.11.26"]
[SourceQuality "1"]
[WhiteTeam "Szenna Pack"]
[BlackTeam "Dunaujvaros"]
[WhiteTeamCountry "HUN"]
[BlackTeamCountry "HUN"]

1. e4 e5 2. d4 exd4 3. Qxd4 Nc6 4. Qe3 Nf6 5. Nc3 Bb4 6. Bd2 0-0 7. 0-0-0 Re8 8. Bc4 Ne5 9. Bb3 d6 10. f3 Be6 11. Bxe6 fxe6 12. g4 Nc4 13. Qd4 b5 14. Bg5 Bc5 15. Qd3 a6 16. Nh3 h6 17. Bh4 g5 18. Bf2 Ne5 19. Qe2 Bxf2 20. Qxf2 Rf8 21. Qg3 Nfd7 22. Rhf1 Ng6 23. Ne2 e5 24. Qe1 Rf6 25. Ng3 Nh4 26. Nf5 Ng2 27. Qf2 Nf4 28. Nxf4 exf4 29. h4 Ne5 30. hxg5 hxg5 31. Rh1 Qd7 32. Rh5 Rg6 33. Rdh1 Nf7 34. Qh2 Rd8 35. Rh8+ Nxh8 36. Qxh8+ Kf7 37. Rh7+ Ke6 38. Nd4# 1-0

[Event "HUN-chT2 Asztalos 0910"]
[Site "Hungary"]
[Date "2009.12.20"]
[Round "4"]
[White "Molnar, Norbert"]
[Black "Angyal, Ferenc"]
[Result "1/2-1/2"]
[WhiteElo "1890"]
[BlackElo "2036"]
[PlyCount "88"]
[EventDate "2009.11.08"]
[EventType "team-tourn"]
[EventRounds "11"]
[EventCountry "HUN"]
[SourceTitle "EXT 2011"]
[Source "ChessBase"]
[SourceDate "2010.11.26"]
[SourceVersion "1"]
[SourceVersionDate "2010.11.26"]
[SourceQuality "1"]
[WhiteTeam "Dombovar"]
[BlackTeam "Dunaujvaros"]
[WhiteTeamCountry "HUN"]
[BlackTeamCountry "HUN"]

1. e4 e5 2. Nf3 Nc6 3. d4 exd4 4. Bc4 Nf6 5. Ng5 Ne5 6. Qxd4 Nxc4 7. Qxc4 d5 8. Qe2 dxe4 9. 0-0 Be7 10. Nc3 0-0 11. Ngxe4 Nxe4 12. Qxe4 c6 13. Bf4 Bf6 14. Qf3 Be6 15. Rad1 Qa5 16. a3 Bc4 17. Rfe1 Rfe8 18. Bd2 Qc7 19. b3 Be6 20. Bf4 Qa5 21. Ne4 Be7 22. b4 Qf5 23. Qg3 Qg4 24. Qxg4 Bxg4 25. f3 Be6 26. Bd6 Bf5 27. Bxe7 Rxe7 28. Nd6 Be6 29. Rd2 Rd7 30. Red1 Rad8 31. Ne4 Rxd2 32. Rxd2 Rxd2 33. Nxd2 Bf5 34. c4 Kf8 35. Kf2 Ke7 36. Ke3 Be6 37. Kd4 b6 38. c5 Bd5 39. Nf1 f6 40. Ne3 Be6 41. Nd1 h5 42. Nc3 b5 43. Ne4 h4 44. Nd6 g5 1/2-1/2

[Event "HUN-chT2 Asztalos 0910"]
[Site "Hungary"]
[Date "2009.11.22"]
[Round "2"]
[White "Angyal, Ferenc"]
[Black "Szunyogh, Istvan"]
[Result "1-0"]
[WhiteElo "2036"]
[BlackElo "2010"]
[PlyCount "120"]
[EventDate "2009.11.08"]
[EventType "team-tourn"]
[EventRounds "11"]
[EventCountry "HUN"]
[SourceTitle "EXT 2011"]
[Source "ChessBase"]
[SourceDate "2010.11.26"]
[SourceVersion "1"]
[SourceVersionDate "2010.11.26"]
[SourceQuality "1"]
[WhiteTeam "Dunaujvaros"]
[BlackTeam "Szekesfehervar"]
[WhiteTeamCountry "HUN"]
[BlackTeamCountry "HUN"]

1. Nf3 c5 2. g3 g6 3. Bg2 Bg7 4. 0-0 Nc6 5. c4 Nf6 6. d3 d5 7. Na3 0-0 8. Rb1 Nb4 9. Ra1 Nd7 10. Nc2 dxc4 11. Nxb4 cxb4 12. dxc4 Nb6 13. Qc2 Qc7 14. c5 Bf5 15. e4 Be6 16. Bf4 Qc6 17. Rfc1 Nd7 18. Ng5 Rac8 19. Nxe6 Qxe6 20. Be3 b6 21. c6 Nb8 22. c7 Na6 23. Bf4 Qd7 24. Rd1 Qb5 25. Bf1 Qa5 26. Bh3 e6 27. Bd6 Rfe8 28. f4 Nc5 29. e5 Qb5 30. Bg2 Bf8 31. Bf3 a5 32. Qg2 Nd3 33. Bc6 Qc4 34. Bxe8 Rxe8 35. Qe2 Bxd6 36. exd6 Qc5+ 37. Kf1 Qxd6 38. Qxd3 Qxc7 39. Rac1 Qb7 40. Kf2 Rf8 41. Qf3 Qe7 42. Rc6 b5 43. Rdc1 Qf6 44. R1c2 Kg7 45. Qe3 Rd8 46. Qe5 Qxe5 47. fxe5 Rd5 48. R6c5 Rd4 49. Rxb5 a4 50. Ke3 Rg4 51. Rf2 Rg5 52. Rf4 Rh5 53. h4 g5 54. Rg4 h6 55. hxg5 hxg5 56. Rgxb4 Kg6 57. Rxa4 Rh3 58. Kf3 Kf5 59. Ra7 g4+ 60. Kg2 Rh7 1-0

[Event "HUN-chT2 Asztalos 0910"]
[Site "Hungary"]
[Date "2009.11.08"]
[Round "1"]
[White "Szijarto, Attila"]
[Black "Angyal, Ferenc"]
[Result "1-0"]
[WhiteElo "2054"]
[BlackElo "2036"]
[PlyCount "45"]
[EventDate "2009.11.08"]
[EventType "team-tourn"]
[EventRounds "11"]
[EventCountry "HUN"]
[SourceTitle "EXT 2011"]
[Source "ChessBase"]
[SourceDate "2010.11.26"]
[SourceVersion "1"]
[SourceVersionDate "2010.11.26"]
[SourceQuality "1"]
[WhiteTeam "Nagyatad"]
[BlackTeam "Dunaujvaros"]
[WhiteTeamCountry "HUN"]
[BlackTeamCountry "HUN"]

1. e4 e5 2. f4 d5 3. exd5 exf4 4. Nf3 Nf6 5. c4 c6 6. d4 Bb4+ 7. Nc3 0-0 8. Bxf4 cxd5 9. Be2 Ne4 10. Rc1 dxc4 11. 0-0 Bxc3 12. bxc3 b5 13. Ne5 Nd7 14. Qc2 f5 15. Nf3 Ndf6 16. Ne5 Nd5 17. Bd2 Bb7 18. a4 a6 19. Rb1 Nc7 20. Bxc4+ bxc4 21. Rxb7 Nd5 22. Rd7 Qa5 23. Nxc4 1-0

[Event "HUN-chT2 Asztalos 0809"]
[Site "Hungary"]
[Date "2009.04.19"]
[Round "11"]
[White "Angyal, Ferenc"]
[Black "Eltigani, Omar"]
[Result "1/2-1/2"]
[WhiteElo "2036"]
[BlackElo "2083"]
[PlyCount "43"]
[EventDate "2008.10.26"]
[EventType "team-tourn"]
[EventRounds "11"]
[EventCountry "HUN"]
[SourceTitle "EXT 2010"]
[Source "ChessBase"]
[SourceDate "2010.11.25"]
[SourceVersion "1"]
[SourceVersionDate "2010.11.25"]
[SourceQuality "1"]
[WhiteTeam "Dunaujvaros"]
[BlackTeam "Szekszard/Decs II"]
[WhiteTeamCountry "HUN"]
[BlackTeamCountry "HUN"]

1. Nf3 Nf6 2. g3 d5 3. Bg2 c6 4. 0-0 Bg4 5. Ne5 Bh5 6. d4 Nbd7 7. c4 e6 8. Nc3 Bd6 9. cxd5 exd5 10. Nd3 0-0 11. Bf4 Nb6 12. Bxd6 Qxd6 13. h3 Bg6 14. Ne5 Bf5 15. Qb3 Nfd7 16. Nxd7 Qxd7 17. Kh2 Nc4 18. Rad1 Rfe8 19. e4 Be6 20. exd5 cxd5 21. Rfe1 Red8 22. Re2 1/2-1/2

[Event "HUN-chT2 Asztalos 0809"]
[Site "Hungary"]
[Date "2009.03.08"]
[Round "9"]
[White "Angyal, Ferenc"]
[Black "Peregi, Zsolt"]
[Result "0-1"]
[WhiteElo "2036"]
[BlackElo "2032"]
[PlyCount "149"]
[EventDate "2008.10.26"]
[EventType "team-tourn"]
[EventRounds "11"]
[EventCountry "HUN"]
[SourceTitle "EXT 2010"]
[Source "ChessBase"]
[SourceDate "2010.11.25"]
[SourceVersion "1"]
[SourceVersionDate "2010.11.25"]
[SourceQuality "1"]
[WhiteTeam "Dunaujvaros"]
[BlackTeam "Pannonpower II"]
[WhiteTeamCountry "HUN"]
[BlackTeamCountry "HUN"]

1. Nf3 d5 2. g3 c5 3. Bg2 Nc6 4. d4 Nf6 5. 0-0 Bg4 6. Ne5 Bh5 7. Nxc6 bxc6 8. c4 e6 9. Nc3 cxd4 10. Qxd4 Be7 11. cxd5 cxd5 12. e4 dxe4 13. Qa4+ Qd7 14. Qxd7+ Nxd7 15. Nxe4 0-0 16. Be3 a5 17. Rfc1 Rfc8 18. Nc5 Ne5 19. Bxa8 Rxa8 20. f4 Ng4 21. Bf2 Bf6 22. Na4 Rd8 23. Bb6 Rb8 24. h3 Nh6 25. g4 Nxg4 26. hxg4 Bxg4 27. Kg2 h5 28. Rc6 Bf5 29. Re1 Bd3 30. Nc3 Ba6 31. Kg3 h4+ 32. Kh3 Bb7 33. Rd6 Bc8 34. Kh2 Be7 35. Rc6 Bb7 36. Rc7 Bd6 37. Rd7 Bxf4+ 38. Kh3 Bg5 39. Ba7 Bc6 40. Bxb8 Bxd7 41. Rd1 Bc6 42. Bc7 a4 43. Bd8 f6 44. Rd6 Be8 45. Kg4 Kf7 46. Ne4 Bc1 47. Rb6 f5+ 48. Kxh4 fxe4 49. Rb7+ Kg6 50. Ba5 e5 51. Kg4 Bg5 52. Bc3 Bf6 53. b4 axb3 54. axb3 Kh6 55. Bd2+ Kg6 56. b4 Bc6 57. Rb6 Bd7+ 58. Kg3 Kf5 59. b5 e3 60. Bxe3 Ke4 61. Bf2 Kd5 62. Rb7 Kd6 63. b6 e4 64. Be3 g5 65. Rc7 Ke7 66. Ra7 Be5+ 67. Kg2 Kd6 68. Bxg5 Bc6 69. Be7+ Ke6 70. Bc5 e3+ 71. Kf1 Bb5+ 72. Kg1 e2 73. Bf2 Bd4 74. Bxd4 e1Q+ 75. Kg2 0-1